[Event "46th GRE-chT Premier 2018"]
[Site "Rio Achaia"]
[Date "2018.07.14"]
[Round "6"]
[White "Spyropoulos, Nikolaos"]
[Black "Laspas, Antonios"]
[Result "1-0"]
[WhiteElo "2293"]
[BlackElo "1566"]
[Annotator "NA"]
[PlyCount "71"]
[EventDate "2018.07.10"]
[EventType "team-tourn"]
[EventCountry "GRE"]
[SourceTitle "playchess.com"]
[Source "ChessBase"]
[SourceQuality "1"]

1. e4 c5 2. Nf3 e6 3. d4 cxd4 4. Nxd4 Nc6 5. Nc3 Qc7 6. Qd3 a6 7. Nxc6 bxc6 8. Qg3 Qxg3 9. hxg3 d5 10. Na4 Rb8 11. exd5 cxd5 12. Bf4 Rb4 13. b3 Re4+ 14. Be2 Bb4+ 15. c3 Ba5 16. b4 Bxb4 17. cxb4 Rxb4 18. Nc5 Nf6 19. Nxa6 Rb2 20. Nc5 O-O 21. Nb3 Rc2 22. Bd3 Rc6 23. O-O Ba6 24. Nd4 Bxd3 25. Nxc6 Bxf1 26. Kxf1 Ra8 27. a4 Ne4 28. a5 Nc5 29. Rb1 h6 30. Rb8+ Rxb8 31. Nxb8 Na4 32. Be3 Nc3 33. a6 Nb5 34. Nc6 Kf8 35. Bb6 Ke8 36. Nd4 1-0

[Event "46th GRE-chT Premier 2018"]
[Site "Rio Achaia"]
[Date "2018.07.14"]
[Round "6"]
[White "Cibickova, Zuzana"]
[Black "Vatkali, Dimitra"]
[Result "0-1"]
[WhiteElo "2292"]
[BlackElo "1979"]
[Annotator "NA"]
[PlyCount "86"]
[EventDate "2018.07.10"]
[EventType "team-tourn"]
[EventCountry "GRE"]
[SourceTitle "playchess.com"]
[Source "ChessBase"]
[SourceQuality "1"]

1. e4 c6 2. Nc3 d5 3. Nf3 Bg4 4. h3 Bxf3 5. Qxf3 e6 6. Be2 Nf6 7. O-O Nbd7 8. d4 Nxe4 9. Nxe4 dxe4 10. Qxe4 Nf6 11. Qd3 Be7 12. c4 O-O 13. Be3 Qc7 14. Rfd1 Rfd8 15. Bf3 Rd7 16. Qc3 a5 17. g3 Bd6 18. Rac1 h6 19. Qe1 Bb4 20. Qe2 e5 21. c5 e4 22. Bg2 a4 23. Rc4 Ba5 24. Rxa4 Qd8 25. b4 Bc7 26. Rxa8 Qxa8 27. b5 Re7 28. b6 Bb8 29. Rb1 Nd5 30. Rb3 Qa4 31. Kh2 f5 32. Qb2 Kh7 33. Bf1 g5 34. Bd2 f4 35. Be2 e3 36. Ra3 fxg3+ 37. Kg1 gxf2+ 38. Kf1 Qxa3 39. Qxa3 exd2 40. Qd3+ Kg7 41. Qxd2 Bg3 42. Kg2 Rxe2 43. Qxe2 Nf4+ 0-1

[Event "46th GRE-chT Premier 2018"]
[Site "Rio Achaia"]
[Date "2018.07.14"]
[Round "6"]
[White "Giannoulakis, Lampros"]
[Black "Markidis, Konstantinos"]
[Result "1/2-1/2"]
[WhiteElo "2287"]
[BlackElo "2329"]
[Annotator "NA"]
[PlyCount "60"]
[EventDate "2018.07.10"]
[EventType "team-tourn"]
[EventCountry "GRE"]
[SourceTitle "playchess.com"]
[Source "ChessBase"]
[SourceQuality "1"]

1. d4 e6 2. Nf3 Nf6 3. c4 d5 4. Nc3 Be7 5. Bg5 h6 6. Bh4 Nbd7 7. e3 O-O 8. Bd3 c5 9. cxd5 Nxd5 10. Bxe7 Nxe7 11. O-O cxd4 12. Nxd4 Nf6 13. Rc1 Bd7 14. Be2 Qb6 15. Na4 Bxa4 16. Qxa4 Rac8 17. Qb5 Rxc1 18. Rxc1 Rc8 19. Rxc8+ Nxc8 20. Qxb6 Nxb6 21. Nb5 Nfd5 22. b3 a6 23. Nd6 Nc3 24. Bf1 Nxa2 25. Nxb7 Nb4 26. Nc5 a5 27. Bb5 Na2 28. Nb7 Nc3 29. Bc6 a4 30. bxa4 Nbxa4 1/2-1/2

[Event "46th GRE-chT Premier 2018"]
[Site "Rio Achaia"]
[Date "2018.07.14"]
[Round "6"]
[White "Vafiadis, Kleanthis"]
[Black "Roinos, Ilias"]
[Result "0-1"]
[WhiteElo "2275"]
[BlackElo "2220"]
[Annotator "NA"]
[PlyCount "88"]
[EventDate "2018.07.10"]
[EventType "team-tourn"]
[EventCountry "GRE"]
[SourceTitle "playchess.com"]
[Source "ChessBase"]
[SourceQuality "1"]

1. d4 d5 2. Nf3 e6 3. e3 c5 4. c3 Nf6 5. Nbd2 Bd6 6. dxc5 Bxc5 7. b4 Be7 8. a3 O-O 9. Bb2 Nbd7 10. c4 a5 11. c5 Qc7 12. Bd3 b6 13. cxb6 Qxb6 14. b5 Nc5 15. Be2 a4 16. Ne5 Nfd7 17. O-O Nxe5 18. Bxe5 Bd7 19. Rb1 f6 20. Bc3 Rfc8 21. Qc2 Be8 22. Qa2 Bg6 23. Rb2 Nd3 24. Bd4 Bc5 25. Bxd3 Bxd4 26. exd4 Bxd3 27. Re1 Rc3 28. Nb1 Rc7 29. Rd2 Qxb5 30. Qb2 Rac8 31. Qxb5 Bxb5 32. Rdd1 Kf7 33. h4 Rc2 34. Rd2 Ke7 35. Kh2 Rxd2 36. Nxd2 Rc2 37. Nf3 Bc4 38. Kg3 Kd6 39. Re3 Ra2 40. h5 Bb3 41. Nh4 Rxa3 42. f4 Ra1 43. f5 exf5 44. Nxf5+ Kc6 0-1

[Event "46th GRE-chT Premier 2018"]
[Site "Rio Achaia"]
[Date "2018.07.14"]
[Round "6"]
[White "Poulopoulos, Ioannis"]
[Black "Petrakis, Ilias"]
[Result "1-0"]
[WhiteElo "2268"]
[BlackElo "2118"]
[Annotator "NA"]
[PlyCount "79"]
[EventDate "2018.07.10"]
[EventType "team-tourn"]
[EventCountry "GRE"]
[SourceTitle "playchess.com"]
[Source "ChessBase"]
[SourceQuality "1"]

1. c4 e5 2. Nc3 Nc6 3. g3 Bc5 4. Bg2 d6 5. Nf3 Nf6 6. O-O O-O 7. e3 h6 8. Qc2 a6 9. b3 Be6 10. Nh4 Qd7 11. f4 exf4 12. Rxf4 Nh5 13. Rf2 Bh3 14. Bxh3 Qxh3 15. Qf5 Qxf5 16. Nxf5 Kh7 17. d4 Ba7 18. Nd5 g6 19. g4 gxf5 20. gxh5 Nxd4 21. exd4 Bxd4 22. Bb2 Rg8+ 23. Kf1 Bxb2 24. Rxb2 Rg5 25. h4 Rg3 26. Rg2 Rxg2 27. Kxg2 c6 28. Ne7 Re8 29. Re1 d5 30. cxd5 cxd5 31. Kf2 Rd8 32. Ke3 Re8 33. Kf2 Rd8 34. Nxf5 d4 35. Re7 d3 36. Ke1 Rd5 37. Rxf7+ Kh8 38. Kd2 b5 39. Rf6 Kg8 40. Ne7+ 1-0

[Event "46th GRE-chT Premier 2018"]
[Site "Rio Achaia"]
[Date "2018.07.14"]
[Round "6"]
[White "Mihailidis, Anastasios"]
[Black "Barski, Radoslaw"]
[Result "0-1"]
[WhiteElo "2265"]
[BlackElo "2431"]
[Annotator "TA"]
[PlyCount "72"]
[EventDate "2018.07.10"]
[EventType "team-tourn"]
[EventCountry "GRE"]
[SourceTitle "playchess.com"]
[Source "ChessBase"]
[SourceQuality "1"]

1. e4 c5 2. Nf3 d6 3. c3 Nf6 4. h3 Nbd7 5. Bd3 b6 6. O-O Bb7 7. Qe2 Qc7 8. Bc2 Rc8 9. d3 g6 10. Bf4 e5 11. Bh2 Bg7 12. Na3 a6 13. Bb3 O-O 14. Nc4 b5 15. Ne3 Nb6 16. Rad1 c4 17. Bc2 cxd3 18. Qxd3 Nxe4 19. Bb3 Rfd8 20. Rfe1 Nc5 21. Qc2 Nxb3 22. axb3 Qc6 23. h4 f5 24. h5 f4 25. hxg6 fxe3 26. gxh7+ Kh8 27. Nh4 exf2+ 28. Qxf2 Qc5 29. Re3 Rf8 30. Ng6+ Kxh7 31. Nxf8+ Rxf8 32. Qh4+ Kg8 33. Qh3 Nd5 34. Qe6+ Rf7 35. Qe8+ Bf8 36. Rd4 Nxe3 0-1

[Event "46th GRE-chT Premier 2018"]
[Site "Rio Achaia"]
[Date "2018.07.14"]
[Round "6"]
[White "Avramidou, Anastasia"]
[Black "Daskalaki, Sofia"]
[Result "1-0"]
[WhiteElo "2262"]
[BlackElo "1535"]
[Annotator "NA"]
[PlyCount "59"]
[EventDate "2018.07.10"]
[EventType "team-tourn"]
[EventCountry "GRE"]
[SourceTitle "playchess.com"]
[Source "ChessBase"]
[SourceQuality "1"]

1. d4 d5 2. c4 e6 3. Nf3 Nf6 4. e3 b6 5. Bd3 Bb7 6. O-O Bd6 7. b3 Nbd7 8. Bb2 O-O 9. Nc3 Ne4 10. Nb5 Be7 11. Rc1 c6 12. Nc3 f5 13. Ne5 Bd6 14. Ne2 Bxe5 15. dxe5 Nec5 16. Bb1 a5 17. Nf4 Re8 18. a3 dxc4 19. bxc4 Qc7 20. e4 Rad8 21. exf5 Nxe5 22. Qh5 exf5 23. Bxf5 h6 24. Ne6 Nxe6 25. Bxe5 Qe7 26. Rc3 Nf8 27. Bxg7 Kxg7 28. Rg3+ Kh8 29. Qxh6+ Nh7 30. Bxh7 1-0

[Event "46th GRE-chT Premier 2018"]
[Site "Rio Achaia"]
[Date "2018.07.14"]
[Round "6"]
[White "Balokas, Dimitrios"]
[Black "Souleidis, Georgios"]
[Result "1/2-1/2"]
[WhiteElo "2259"]
[BlackElo "2415"]
[Annotator "TA"]
[PlyCount "120"]
[EventDate "2018.07.10"]
[EventType "team-tourn"]
[EventCountry "GRE"]
[SourceTitle "playchess.com"]
[Source "ChessBase"]
[SourceQuality "1"]

1. d4 Nf6 2. c4 e6 3. Nf3 d5 4. Nc3 a6 5. e3 dxc4 6. Bxc4 b5 7. Be2 Bb7 8. O-O Nbd7 9. b3 c5 10. Bb2 Be7 11. dxc5 Bxc5 12. Nd4 O-O 13. Bf3 Bxf3 14. Nxf3 Rc8 15. Rc1 Qa5 16. Ng5 Ba3 17. Bxa3 Qxa3 18. Qd2 Qb4 19. Nce4 Qxd2 20. Nxd2 Nc5 21. Ngf3 Nd3 22. Rxc8 Rxc8 23. a4 b4 24. Nc4 Nc5 25. Ncd2 Nd5 26. Nd4 g6 27. Rc1 Nc3 28. Kf1 e5 29. Ne2 Rd8 30. Nxc3 Rxd2 31. Nb1 Rxf2+ 32. Kg1 Rb2 33. Rxc5 Rxb1+ 34. Kf2 Rxb3 35. Rxe5 Rc3 36. Re8+ Kg7 37. Ra8 Rc6 38. Rb8 Rc4 39. Ra8 b3 40. Rb8 Rc2+ 41. Kf3 b2 42. Rb6 a5 43. h3 h5 44. h4 Kf8 45. g3 Ke7 46. e4 Kd7 47. e5 Kc7 48. Rb5 Kc6 49. Ke3 Rc3+ 50. Kf2 Rc2+ 51. Ke3 Rc3+ 52. Kf2 Rc4 53. Rxb2 Rxa4 54. Rd2 Re4 55. Rd6+ Kc5 56. Ra6 Kb5 57. Ra7 Rxe5 58. Kf3 Rf5+ 59. Ke4 a4 60. Ra8 Kb4 1/2-1/2

[Event "46th GRE-chT Premier 2018"]
[Site "Rio Achaia"]
[Date "2018.07.14"]
[Round "6"]
[White "Papadopoulos, Argirios"]
[Black "Papadopoulos, Nikolaos"]
[Result "0-1"]
[WhiteElo "2256"]
[BlackElo "2228"]
[Annotator "ChessBase"]
[PlyCount "172"]
[EventDate "2018.07.10"]
[EventType "team-tourn"]
[EventCountry "GRE"]
[SourceTitle "playchess.com"]
[Source "ChessBase"]
[SourceQuality "1"]

1. e4 g6 2. d4 Bg7 3. Nc3 d6 4. Nf3 a6 5. a4 Nf6 6. h3 O-O 7. Be2 Nc6 8. O-O e6 9. Be3 b6 10. Ne1 Bb7 11. f4 Ne7 12. Bf3 Nd7 13. e5 Bxf3 14. Nxf3 Qb8 15. d5 exd5 16. exd6 Nf5 17. dxc7 Qxc7 18. Nxd5 Qb7 19. c3 Rfd8 20. Qb3 Nxe3 21. Nxe3 Nc5 22. Qc2 Nd3 23. f5 Qe4 24. Rae1 gxf5 25. Re2 Nf4 26. Ree1 Nd3 27. Re2 Nf4 28. Ree1 Qxc2 29. Nxc2 Nd3 30. Rb1 Nc5 31. Nfd4 Nxa4 32. Rxf5 Rac8 33. g4 Rc5 34. Rf4 b5 35. Re4 h5 36. Kh1 hxg4 37. hxg4 Rc4 38. Re3 Rc5 39. Re2 Rg5 40. Rg2 Rd7 41. Nf5 Nc5 42. Nxg7 Rxg7 43. Nd4 Ne6 44. Nxe6 fxe6 45. Re1 Kf7 46. Kh2 Rd3 47. Ra1 Rh7+ 48. Kg1 Rd6 49. Kf2 Rh3 50. Ke2 Rhd3 51. Rf1+ Kg6 52. Rf3 Rd2+ 53. Kf1 Kg5 54. b4 Rxg2 55. Kxg2 Kxg4 56. Rf6 Kg5 57. Rf8 Rc6 58. Ra8 Kf4 59. Kf2 Ke4 60. Ke2 e5 61. Kd2 Rh6 62. Re8 Rh2+ 63. Kc1 Kd3 64. Rxe5 Kxc3 65. Re3+ Kxb4 66. Kb1 Ka4 67. Rg3 b4 68. Ka1 a5 69. Kb1 b3 70. Rg5 Kb4 71. Rg4+ Ka3 72. Rg1 a4 73. Ka1 Rd2 74. Kb1 Kb4 75. Kc1 Kc3 76. Rg3+ Rd3 77. Rg1 a3 78. Kb1 Re3 79. Rd1 Re2 80. Ka1 Kc2 81. Rb1 b2+ 82. Ka2 Rd2 83. Rh1 Rd1 84. Rh2+ Kd3 85. Rh3+ Ke2 86. Rh2+ Kf3 0-1

[Event "46th GRE-chT Premier 2018"]
[Site "Rio Achaia"]
[Date "2018.07.14"]
[Round "6"]
[White "Karousos-Theodorakis, Nikolaos"]
[Black "Stefan, Victor"]
[Result "1/2-1/2"]
[WhiteElo "2255"]
[BlackElo "2102"]
[Annotator "ChessBase"]
[PlyCount "168"]
[EventDate "2018.07.10"]
[EventType "team-tourn"]
[EventCountry "GRE"]
[SourceTitle "playchess.com"]
[Source "ChessBase"]
[SourceQuality "1"]

1. e4 c6 2. d4 d5 3. Nd2 dxe4 4. Nxe4 Bf5 5. Ng3 Bg6 6. h4 h6 7. Nf3 Nd7 8. h5 Bh7 9. Bd3 Bxd3 10. Qxd3 e6 11. Bd2 Ngf6 12. O-O-O Be7 13. Kb1 Qb6 14. Rhe1 O-O 15. Nf5 exf5 16. Rxe7 Qd8 17. Re2 Ne4 18. Bc1 Re8 19. Rde1 Qf6 20. g4 Red8 21. gxf5 Nd6 22. Bf4 Nxf5 23. Bc7 Rdc8 24. Be5 Nxe5 25. dxe5 Qe6 26. Rd2 Re8 27. a3 Re7 28. Re4 Rae8 29. Rf4 g6 30. hxg6 fxg6 31. Rd1 Rg7 32. Nh4 Nxh4 33. Rxh4 h5 34. f4 Rf8 35. Rg1 Rf5 36. Qe3 a6 37. Rd1 Rd7 38. Rxd7 Qxd7 39. Rh1 Qe7 40. Rg1 Kh7 41. Rd1 Rf8 42. Qe4 Qe6 43. Qe3 Rf7 44. Rd6 Qf5 45. Rd4 Re7 46. Qd2 Rf7 47. b4 b6 48. Qg2 c5 49. Rd6 cxb4 50. axb4 a5 51. Rxb6 axb4 52. Rxb4 Qe6 53. Qe4 Ra7 54. Rb7+ Rxb7+ 55. Qxb7+ Kh6 56. Qb8 Kg7 57. Qd8 Qc4 58. Qf6+ Kh7 59. Kc1 Qf1+ 60. Kd2 Qf2+ 61. Kd3 Qf3+ 62. Kd4 Qd1+ 63. Kc3 Qe1+ 64. Kb3 Qb1+ 65. Kc3 Qe1+ 66. Kc4 Qe2+ 67. Kd5 Qxc2 68. Qf7+ Kh6 69. Qf8+ Kh7 70. Qf7+ Kh6 71. Ke6 Qc4+ 72. Ke7 Qb4+ 73. Ke8 Qb8+ 74. Kd7 Qb7+ 75. Ke6 Qc6+ 76. Ke7 Qc7+ 77. Kf6 Qd8+ 78. Ke6 Qb6+ 79. Ke7 Qc7+ 80. Kf6 Qd8+ 81. Ke6 Qb6+ 82. Kd7 Qb7+ 83. Ke8 Qc8+ 84. Ke7 Qc7+ 1/2-1/2

[Event "46th GRE-chT Premier 2018"]
[Site "Rio Achaia"]
[Date "2018.07.14"]
[Round "6"]
[White "Michelakos, Panagiotis"]
[Black "Gkogkas, Dimitrios"]
[Result "1-0"]
[WhiteElo "2244"]
[BlackElo "2038"]
[Annotator "NA"]
[PlyCount "77"]
[EventDate "2018.07.10"]
[EventType "team-tourn"]
[EventCountry "GRE"]
[SourceTitle "playchess.com"]
[Source "ChessBase"]
[SourceQuality "1"]

1. e4 c5 2. Nf3 d6 3. d4 cxd4 4. Nxd4 Nf6 5. Nc3 g6 6. Be3 Bg7 7. f3 Nc6 8. Qd2 O-O 9. Bc4 Bd7 10. Bb3 Na5 11. Bh6 Nxb3 12. axb3 Bxh6 13. Qxh6 Qb6 14. Rd1 Rac8 15. h4 e5 16. Nde2 Be6 17. g4 Bxg4 18. fxg4 Nxg4 19. Qg5 Rxc3 20. bxc3 Nf2 21. Rf1 Nxe4 22. Qg1 Qd8 23. Qh2 f5 24. h5 g5 25. Ng3 Nxc3 26. Nxf5 Nxd1 27. Kxd1 Qd7 28. Qh3 Kh8 29. h6 Qe6 30. Kc1 e4 31. Qg4 Qf6 32. Qxe4 Qa1+ 33. Kd2 Qa5+ 34. b4 Qe5 35. Qxe5+ dxe5 36. Ke3 Rc8 37. Ne7 Re8 38. Rf7 g4 39. Nd5 1-0

[Event "46th GRE-chT Premier 2018"]
[Site "Rio Achaia"]
[Date "2018.07.14"]
[Round "6"]
[White "Kanellopoulos, Panayotis"]
[Black "Bednarek, Sylwester"]
[Result "1-0"]
[WhiteElo "2239"]
[BlackElo "2307"]
[Annotator "NA"]
[PlyCount "109"]
[EventDate "2018.07.10"]
[EventType "team-tourn"]
[EventCountry "GRE"]
[SourceTitle "playchess.com"]
[Source "ChessBase"]
[SourceQuality "1"]

1. c4 Nf6 2. g3 c5 3. Bg2 e6 4. Nf3 Be7 5. Nc3 O-O 6. O-O a6 7. d4 cxd4 8. Nxd4 Qc7 9. Qd3 d6 10. b3 Nc6 11. Bb2 Rb8 12. Rac1 Nxd4 13. Qxd4 b6 14. Rfd1 Bb7 15. e4 Rfd8 16. h3 Bf8 17. Kh2 Ba8 18. f4 Nd7 19. Rd2 Rbc8 20. Rcd1 Qb8 21. Qd3 Nc5 22. Qe2 Bc6 23. Ba3 Re8 24. Bxc5 bxc5 25. e5 Bxg2 26. Kxg2 Red8 27. Rd3 dxe5 28. Qxe5 Rxd3 29. Rxd3 Qb6 30. Kf2 g6 31. Ne4 Bg7 32. Nf6+ Kh8 33. Rd7 Rf8 34. g4 Qc6 35. Rc7 Qh1 36. Qxc5 Qh2+ 37. Ke1 Qg3+ 38. Ke2 Qg2+ 39. Ke1 Rg8 40. Rxf7 Qg3+ 41. Ke2 Bxf6 42. Rxf6 Qg2+ 43. Qf2 Qe4+ 44. Qe3 Qg2+ 45. Kd3 Qxa2 46. Qd4 Qxb3+ 47. Kd2 Kg7 48. g5 e5 49. Qxe5 Qb4+ 50. Ke2 Qxc4+ 51. Kf2 Qc2+ 52. Kg3 Qb3+ 53. Kh4 Qb5 54. Rxg6+ Kxg6 55. Qf6# 1-0

[Event "46th GRE-chT Premier 2018"]
[Site "Rio Achaia"]
[Date "2018.07.14"]
[Round "6"]
[White "Ergazakis, Ioannis"]
[Black "Kourousis, Epaminondas"]
[Result "1-0"]
[WhiteElo "2228"]
[BlackElo "2399"]
[Annotator "NA"]
[PlyCount "69"]
[EventDate "2018.07.10"]
[EventType "team-tourn"]
[EventCountry "GRE"]
[SourceTitle "playchess.com"]
[Source "ChessBase"]
[SourceQuality "1"]

1. e4 c6 2. d4 d5 3. Nd2 dxe4 4. Nxe4 Nf6 5. Nxf6+ exf6 6. c3 Bd6 7. Bd3 O-O 8. Qc2 h6 9. Ne2 Re8 10. O-O Qc7 11. Ng3 Nd7 12. Be3 Nf8 13. Rfe1 Bg4 14. Bf5 Bxf5 15. Qxf5 Re6 16. Qh5 Bxg3 17. hxg3 Qd7 18. Red1 Rd6 19. Rd2 Rd8 20. Rad1 Qe6 21. Qa5 a6 22. b3 g5 23. c4 Qg4 24. d5 Ng6 25. Bb6 Re8 26. Bc7 Rd7 27. f3 Qh5 28. g4 Qh4 29. g3 Qh3 30. Rh2 Qxh2+ 31. Kxh2 Re2+ 32. Kg1 cxd5 33. cxd5 Rc2 34. d6 Ne5 35. Qd5 1-0

[Event "46th GRE-chT Premier 2018"]
[Site "Rio Achaia"]
[Date "2018.07.14"]
[Round "6"]
[White "Juhasz, Barbara"]
[Black "Krasteva, Beloslava"]
[Result "1-0"]
[WhiteElo "2227"]
[BlackElo "2086"]
[Annotator "NA"]
[PlyCount "67"]
[EventDate "2018.07.10"]
[EventType "team-tourn"]
[EventCountry "GRE"]
[SourceTitle "playchess.com"]
[Source "ChessBase"]
[SourceQuality "1"]

1. e4 c5 2. Nf3 d6 3. d4 cxd4 4. Nxd4 Nf6 5. Nc3 a6 6. Qf3 e5 7. Nf5 Nc6 8. Bd3 h6 9. O-O g6 10. Ne3 Be6 11. Qd1 Rc8 12. Ned5 Bg7 13. f4 exf4 14. Bxf4 Ng4 15. Kh1 O-O 16. Be2 Nge5 17. Qd2 g5 18. Bg3 f5 19. exf5 Bxf5 20. Ne3 Bg6 21. Rxf8+ Bxf8 22. Ncd5 Bg7 23. Rf1 Nf7 24. Bg4 Rb8 25. c3 Be5 26. Bxe5 Ncxe5 27. Bf5 Bxf5 28. Nxf5 b5 29. Nfe7+ Kf8 30. Qc2 Kg7 31. Nf5+ Kh8 32. Nd4 Rb7 33. Nf6 Kg7 34. Ne6+ 1-0

[Event "46th GRE-chT Premier 2018"]
[Site "Rio Achaia"]
[Date "2018.07.14"]
[Round "6"]
[White "Sigalas, Frangiskos"]
[Black "Litsas, Ioannis"]
[Result "1-0"]
[WhiteElo "2213"]
[BlackElo "2106"]
[Annotator "NA"]
[PlyCount "53"]
[EventDate "2018.07.10"]
[EventType "team-tourn"]
[EventCountry "GRE"]
[SourceTitle "playchess.com"]
[Source "ChessBase"]
[SourceQuality "1"]

1. e4 c5 2. Nf3 Nc6 3. d4 cxd4 4. Nxd4 Nf6 5. Nc3 d6 6. Be2 e5 7. Nb3 Be6 8. O-O Be7 9. Be3 O-O 10. Qd2 Re8 11. Rfd1 a6 12. h3 b5 13. Bf3 Nb8 14. Nd5 Bxd5 15. exd5 a5 16. a4 b4 17. c4 bxc3 18. Qxc3 Nfd7 19. Bd2 Bg5 20. Bxg5 Qxg5 21. Nxa5 e4 22. Re1 Qxd5 23. Nc4 Nc6 24. Rad1 Qg5 25. Bxe4 Rxe4 26. Rxe4 Nc5 27. Rg4 1-0

[Event "46th GRE-chT Premier 2018"]
[Site "Rio Achaia"]
[Date "2018.07.14"]
[Round "6"]
[White "Galunova, Tsveta"]
[Black "Ivanova, Simoneta"]
[Result "1-0"]
[WhiteElo "2204"]
[BlackElo "2091"]
[Annotator "NA"]
[PlyCount "101"]
[EventDate "2018.07.10"]
[EventType "team-tourn"]
[EventCountry "GRE"]
[SourceTitle "playchess.com"]
[Source "ChessBase"]
[SourceQuality "1"]

1. d4 d5 2. c4 c6 3. Nc3 dxc4 4. e4 b5 5. a4 b4 6. Na2 Nf6 7. e5 Nd5 8. Bxc4 e6 9. Nf3 Ba6 10. Qc2 Bxc4 11. Qxc4 Nb6 12. Qc2 Qd5 13. b3 c5 14. a5 N6d7 15. Be3 Nc6 16. dxc5 Ndxe5 17. Nxe5 Qxe5 18. O-O Be7 19. Qc4 Qd5 20. Qa6 O-O 21. Rfd1 Qe4 22. Rac1 Rfd8 23. Re1 Qd5 24. h3 Qxb3 25. Qxc6 Qxa2 26. Qb7 Bf6 27. c6 Qxa5 28. c7 Rdc8 29. Qxa8 Rxa8 30. c8=Q+ Rxc8 31. Rxc8+ Bd8 32. Rd1 h6 33. Rdxd8+ Kh7 34. Rd7 b3 35. Rb7 Qa1+ 36. Kh2 Qe5+ 37. g3 a5 38. Rxb3 Qd5 39. Ra3 Qb7 40. Rc5 Kg6 41. Rcxa5 Qb2 42. Ra7 h5 43. h4 f5 44. R3a4 e5 45. R4a6+ Kh7 46. Rb6 Qe2 47. Rbb7 f4 48. Rxg7+ Kh6 49. gxf4 e4 50. f5+ Qxe3 51. Rg6# 1-0

[Event "46th GRE-chT Premier 2018"]
[Site "Rio Achaia"]
[Date "2018.07.14"]
[Round "6"]
[White "Milonakis, Georgios"]
[Black "Georgiadis, Ioannis"]
[Result "0-1"]
[WhiteElo "2200"]
[BlackElo "2465"]
[Annotator "TA"]
[PlyCount "62"]
[EventDate "2018.07.10"]
[EventType "team-tourn"]
[EventCountry "GRE"]
[SourceTitle "playchess.com"]
[Source "ChessBase"]
[SourceQuality "1"]

1. Nf3 Nf6 2. g3 b6 3. Bg2 Bb7 4. O-O g6 5. c4 Bg7 6. Nc3 O-O 7. d4 Ne4 8. Nd5 e6 9. Ne3 c6 10. Ne5 c5 11. N3g4 Qe7 12. d5 exd5 13. cxd5 f5 14. Bxe4 fxe4 15. Nc4 d6 16. Bf4 Rxf4 17. gxf4 Nd7 18. Nge3 Rf8 19. Ng2 Nf6 20. Nce3 Nh5 21. Qb3 Nxf4 22. Nxf4 Rxf4 23. Ng2 Rf5 24. Rad1 Bd4 25. e3 Be5 26. Qc2 Rh5 27. h4 Ba6 28. Rfe1 Rxh4 29. Qa4 Qg5 30. Qxa6 Rh2 31. Qf1 Rh1+ 0-1

[Event "46th GRE-chT Premier 2018"]
[Site "Rio Achaia"]
[Date "2018.07.14"]
[Round "6"]
[White "Klerides, Paris"]
[Black "Tzouganakis, Panteleimon"]
[Result "0-1"]
[WhiteElo "2196"]
[BlackElo "2206"]
[Annotator "NA"]
[PlyCount "52"]
[EventDate "2018.07.10"]
[EventType "team-tourn"]
[EventCountry "GRE"]
[SourceTitle "playchess.com"]
[Source "ChessBase"]
[SourceQuality "1"]

1. e4 c5 2. Nf3 d6 3. d4 cxd4 4. Nxd4 Nf6 5. Nc3 a6 6. Bc4 e6 7. Bb3 b5 8. Bg5 Be7 9. Qf3 Bb7 10. Bxe6 fxe6 11. Nxe6 Qc8 12. Nxg7+ Kf7 13. Nf5 Qe6 14. O-O-O Nbd7 15. Rhe1 Ne5 16. Qh3 Bc8 17. Qh4 Ng6 18. Qg3 Nh5 19. Qg4 Nf6 20. Qf3 Ne5 21. Qg3 Bb7 22. Bf4 Nh5 23. Qh3 Nxf4 24. Nh6+ Ke8 25. Qe3 Qxh6 26. g3 Nc4 0-1

[Event "46th GRE-chT Premier 2018"]
[Site "Rio Achaia"]
[Date "2018.07.14"]
[Round "6"]
[White "Havanecz, Bianka"]
[Black "Makropoulou, Marina"]
[Result "1/2-1/2"]
[WhiteElo "2193"]
[BlackElo "2135"]
[Annotator "NA"]
[PlyCount "64"]
[EventDate "2018.07.10"]
[EventType "team-tourn"]
[EventCountry "GRE"]
[SourceTitle "playchess.com"]
[Source "ChessBase"]
[SourceQuality "1"]

1. d4 Nf6 2. c4 g6 3. Nf3 Bg7 4. g3 d6 5. Bg2 O-O 6. Nc3 Nc6 7. O-O Rb8 8. Qd3 a6 9. Nd5 Nh5 10. Bg5 h6 11. Bd2 e6 12. Nc3 f5 13. e4 Nf6 14. Rfe1 Nb4 15. Qb1 e5 16. d5 fxe4 17. Nxe4 Nxe4 18. Rxe4 a5 19. g4 Na6 20. h3 Nc5 21. Re2 e4 22. Ne1 b5 23. Bxa5 bxc4 24. Qc1 Nd3 25. Qxc4 Rxb2 26. Rxb2 Bxb2 27. Rb1 Qf6 28. Nxd3 exd3 29. Qxd3 Bd4 30. Be1 h5 31. Rb4 Bc5 32. Re4 Bd7 1/2-1/2

[Event "46th GRE-chT Premier 2018"]
[Site "Rio Achaia"]
[Date "2018.07.14"]
[Round "6"]
[White "Pavlidou, Ekaterini"]
[Black "Cornette, Deimante"]
[Result "0-1"]
[WhiteElo "2186"]
[BlackElo "2470"]
[Annotator "TA"]
[PlyCount "66"]
[EventDate "2018.07.10"]
[EventType "team-tourn"]
[EventCountry "GRE"]
[SourceTitle "playchess.com"]
[Source "ChessBase"]
[SourceQuality "1"]

1. d4 d6 2. c4 e5 3. Nc3 exd4 4. Qxd4 Nc6 5. Qd2 Nf6 6. e4 g6 7. b3 Bg7 8. Bb2 O-O 9. Bd3 Re8 10. Nge2 Ne5 11. f3 Bh6 12. f4 Nfg4 13. O-O c6 14. h3 Qb6+ 15. Kh1 Nf2+ 16. Rxf2 Qxf2 17. Nd1 Bxf4 18. Qxf4 Qe1+ 19. Kh2 Nxd3 20. Qf6 Nxb2 21. Qxb2 Qa5 22. Ng3 Qe5 23. Qxe5 dxe5 24. Nf2 Rd8 25. Nf1 Be6 26. g4 f6 27. Rc1 Rac8 28. Rc3 b5 29. c5 Rd4 30. Kg3 a5 31. Kf3 a4 32. bxa4 Rxa4 33. Rd3 Bc4 0-1

[Event "46th GRE-chT Premier 2018"]
[Site "Rio Achaia"]
[Date "2018.07.14"]
[Round "6"]
[White "Tzintzios, Georgios"]
[Black "Trimitzios, Petros"]
[Result "0-1"]
[WhiteElo "2186"]
[BlackElo "2300"]
[Annotator "NA"]
[PlyCount "58"]
[EventDate "2018.07.10"]
[EventType "team-tourn"]
[EventCountry "GRE"]
[SourceTitle "playchess.com"]
[Source "ChessBase"]
[SourceQuality "1"]

1. e4 e5 2. Nf3 Nc6 3. Bb5 Nf6 4. d3 Bc5 5. c3 Qe7 6. O-O a6 7. Ba4 b5 8. Bb3 d6 9. a4 Rb8 10. axb5 axb5 11. d4 Bb6 12. Re1 O-O 13. h3 Bd7 14. Bg5 h6 15. Bh4 g5 16. Nxg5 hxg5 17. Bxg5 exd4 18. Qf3 Kg7 19. Qg3 Rg8 20. e5 dxe5 21. Nd2 Nh5 22. Qh4 f6 23. Bxg8 fxg5 24. Qxh5 Rxg8 25. Ne4 g4 26. hxg4 Rh8 27. Qg5+ Qxg5 28. Nxg5 Bxg4 29. cxd4 Nxd4 0-1

[Event "46th GRE-chT Premier 2018"]
[Site "Rio Achaia"]
[Date "2018.07.14"]
[Round "6"]
[White "Ladopoulos, Dimitrios"]
[Black "Pavlidis, Pavlos"]
[Result "0-1"]
[WhiteElo "2183"]
[BlackElo "1906"]
[Annotator "NA"]
[PlyCount "52"]
[EventDate "2018.07.10"]
[EventType "team-tourn"]
[EventCountry "GRE"]
[SourceTitle "playchess.com"]
[Source "ChessBase"]
[SourceQuality "1"]

1. e4 c5 2. Nf3 Nc6 3. d4 cxd4 4. Nxd4 g6 5. c4 Bg7 6. Be3 Nf6 7. Nc3 O-O 8. Be2 d6 9. O-O Bd7 10. Qd2 Nxd4 11. Bxd4 Bc6 12. f3 a5 13. b3 Nd7 14. Be3 Nc5 15. Rab1 e6 16. Rfd1 Be5 17. Bf1 Qe7 18. a3 f5 19. exf5 Rxf5 20. Ne2 Raf8 21. Bd4 Bxh2+ 22. Kxh2 Qh4+ 23. Kg1 Rh5 24. Nc3 Bxf3 25. gxf3 Qh1+ 26. Kf2 Rxf3+ 0-1